| 000 | 00323nam a2200109Ia 4500 | ||
|---|---|---|---|
| 008 | 230907s9999||||xx |||||||||||||| ||und|| | ||
| 082 |
_a621.31042 _bCHU |
||
| 100 |
_aChudnovsky, Bella H., _9115744 |
||
| 245 | 0 | _aTransmission, distribution, and renewable energy generation power equipment : | |
| 300 | _a639 p. | ||
| 942 | _cBK | ||
| 999 |
_c599259 _d599259 |
||